000 00610nam a2200205 4500
001 70644
003 ES-MaACL
005 20250903021023.0
007 t|
008 040729s1972 sp ad |||| | spa d
080 _a51-8
100 1 _aGardner, Martin.
_955513
245 1 0 _aNuevos pasatiempos matemáticos /
_cMartín Gardner ; [traductor, Luis Bou García].
260 _aMadrid :
_bAlianza,
_c[1972]
300 _a326 p. :
_bil., gráf. ;
_c18 cm.
650 0 7 _aMatemáticas recreativas
_2embne
_914838
700 1 _aBou García, Luis.
_930816
852 _aES-MaACL
_jC-52714
999 _c70644
_d70644